[Event "POR-chT 1st League 2017"]
[Site "Leiria"]
[Date "2017.07.21"]
[Round "7"]
[White "Barrero Garcia, Carlos"]
[Black "Strikovic, Aleksa"]
[Result "0-1"]
[WhiteElo "2309"]
[BlackElo "2509"]
[Annotator "TA"]
[PlyCount "72"]
[EventDate "2017.??.??"]
[EventType "team-tourn"]
[EventCountry "POR"]
[SourceTitle "playchess.com"]
[Source "ChessBase"]
[SourceQuality "1"]

{[%evp 24,72,45,31,63,69,64,54,56,0,0,-2,-40,-25,-35,-21,-7,-195,-186,-186,-183,-178,-172,-266,-216,-343,-314,-433,-402,-595,-584,-873,-873,-1650,-1620,-1993,-1921,-1490,-995,-887,-876,-819,-552,-29971,-29972,-29972,-29974,-29974,-29976,-29976,-29977]} 1. d4 Nf6 2. c4 g6 3. Nc3 Bg7 4. e4 d6 5. h3 O-O 6. Bg5 c5 7. d5 e6 8. Bd3 Na6 9. Nf3 Nc7 10. O-O exd5 11. exd5 h6 12. Be3 b5 {E90: King's Indian: Classical: Early deviations and 6 h3} 13. b3 {LiveBook: 10 Games} Rb8 14. Qd2 Kh7 {[#] White is slightly better.} 15. Rab1 $146 ({Find the theoretical novelty and annotate with similar games:} 15. Rae1 Qd7 16. Bf4 Ba6 17. a4 b4 18. Ne2 Nh5 19. Be3 Rbe8 20. g4 {1-0 (62) Schmidt,T (2597)-Kund,W (2521) ICCF email 2007}) 15... Re8 16. Qc2 (16. Rbe1 $14) 16... Na6 $11 {White must now prevent ...Nb4.} 17. Nh4 {[%cal Rd3g6]} ({But not} 17. Nxb5 Nb4 $17) 17... Nb4 18. Bxg6+ $1 Kh8 {[%cal Bh7h8,Bh8g7,Bg7f7,Bf7g6][%mdl 32]} 19. Qd2 fxg6 {[%cal Bf7g6,Bg6g5][%mdl 32]} 20. a3 $2 {[#]} (20. Bxh6 $11 {and White is okay.} bxc4 21. bxc4) 20... g5 $1 $19 {Strongly threatening ...bxc4.} 21. axb4 gxh4 22. Bxh6 bxc4 ({Inferior is} 22... cxb4 23. Bxg7+ Kxg7 24. Qg5+ Kf7 25. Nxb5 $11) 23. Bxg7+ (23. bxc4 $142 cxb4 24. Bxg7+ Kxg7 25. Qg5+ Kf7 26. Nb5) 23... Kxg7 24. bxc5 (24. b5 $142) 24... cxb3 ({Not} 24... Rxb3 25. Ra1 $17) 25. Qg5+ Kf7 26. Qf4 (26. f3 {is a better defense.} dxc5 27. Qxh4) 26... Qa5 27. Qxd6 Bf5 28. Ra1 Qxc3 29. Rxa7+ Kg6 30. Qc7 Bd7 {And now ...b2 would win.} 31. c6 b2 32. cxd7 Qxc7 33. dxe8=Q+ Nxe8 {Black mates.} 34. Rxc7 Nxc7 35. d6 b1=Q 36. dxc7 {[#]} Qxf1+ $1 {Precision: White = 20%, Black = 89%.} 0-1

[Event "POR-chT 1st League 2017"]
[Site "Leiria"]
[Date "2017.07.21"]
[Round "7"]
[White "Padeiro, Jose"]
[Black "Suarez Garcia, Carlos"]
[Result "0-1"]
[WhiteElo "2276"]
[BlackElo "2455"]
[Annotator "TA"]
[PlyCount "114"]
[EventDate "2017.??.??"]
[EventType "team-tourn"]
[EventCountry "POR"]
[SourceTitle "playchess.com"]
[Source "ChessBase"]
[SourceQuality "1"]

{[%evp 20,114,39,35,63,44,62,39,39,40,47,23,37,37,47,46,46,35,60,51,51,50,54,14,50,50,50,50,50,50,50,26,33,33,33,33,33,33,62,-167,-167,-166,-166,-225,-195,-264,-264,-235,-237,-256,-257,-257,-257,-256,-218,-201,-200,-367,-346,-341,-245,-477,-201,-201,-201,-201,-43,-43,-43,-43,-43,-43,0,0,0,0,0,0,0,0,0,0,0,-215,-224,-212,-205,-449,-446,-421,-397,-399,-395,-382,-337,-697,-509]} 1. d4 d5 2. c4 e6 3. Nc3 c6 4. e3 Bd6 5. Nf3 f5 6. Ne5 Nf6 7. f4 O-O 8. Be2 Nbd7 9. O-O Ne4 10. Nxe4 fxe4 11. Bd2 {LiveBook: 29 Games. A84: Dutch Defence: 2 c4 Miscellaneous} Qe7 (11... Nxe5 12. fxe5 Be7 13. Rxf8+ Qxf8 14. Qb3 b6 15. Rf1 Qd8 16. Qa4 Bd7 17. Qd1 Qc7 18. Qc2 Qb7 19. b4 Rf8 20. Rxf8+ Bxf8 21. c5 b5 22. a4 a6 23. a5 {½-½ (23) Fridman,D (2649)-Tomashevsky,E (2758) Berlin 2015}) 12. Rb1 $146 ({Predecessor:} 12. Rc1 a5 13. Be1 Nxe5 14. fxe5 Rxf1+ 15. Bxf1 Bc7 16. Qg4 {1-0 (43) Kurbonboeva,S (2212)-Pujari,R (2113) Pune 2014}) 12... Bc7 13. b4 {White is slightly better.} Nxe5 14. fxe5 Bd7 15. b5 Rxf1+ 16. Bxf1 Qa3 17. bxc6 Bxc6 18. Qc2 {Black must now prevent cxd5.} Ba4 19. Qb2 (19. Qc1 {is more complex.} Qxc1 20. Rxc1 Bb6 21. Rb1 Bc6 22. Be2) 19... Qxb2 20. Rxb2 Bc6 21. c5 a6 22. Be2 Re8 23. Be1 Bd8 24. Bg3 g6 {[%cal Bg7g6,Bg6g5][%mdl 32]} 25. Bf4 Kg7 26. g4 h6 27. Kg2 Rf8 28. Rb1 Ba5 29. Rf1 $2 (29. g5 $14 {stays ahead.}) 29... g5 $19 30. Bg3 Rxf1 31. Kxf1 {[%mdl 4096] Endgame KBB-KBB} (31. Bxf1 $142 Ba4 32. Be2) 31... Bd2 32. Kf2 (32. h3 {is a better defense.}) 32... Ba4 33. Bf1 {[#]} Bc1 $1 34. h3 Kf7 35. Bh2 Ke7 36. Bg1 Bd2 37. h4 gxh4 38. Bh2 $2 (38. Ke2 Ba5 39. Kf2) 38... Kf7 39. Bf4 Kg6 40. Be2 $2 (40. Bh3) 40... Bd7 (40... a5 $142 41. Bf1 Bd7) 41. Bd1 Bb5 42. Kg2 a5 $2 ({Better is} 42... Ba5 $19 {Hoping for ...b6.} 43. Kh3 Bd8) 43. a4 $1 $15 {[%cal Ra4b5]} Bc4 44. Kf2 Bd3 45. Bh2 h3 46. Bf4 Bc4 (46... h2 $5 47. Bxh2 Kf7 $11) 47. Bh2 Bb4 48. Bf4 Ba6 (48... h2 $5 49. Bxh2 Bc3 $11) 49. Bh2 Bd2 50. Bf4 Kf7 51. Bxh6 $2 {[#]} (51. Kg3 $11) 51... Be1+ $1 $19 {[%mdl 512]} 52. Kg1 {Bf4 is the strong threat.} ({Wrong is} 52. Kxe1 $2 h2 $19) 52... Bg3 53. Bg5 $2 (53. g5 Kg6 54. Bg4 h2+ 55. Kh1) 53... Kg6 54. Bd8 h2+ 55. Kh1 Bf2 56. Bxa5 Bxe3 57. Bc3 $2 (57. Kxh2 Bxd4 58. Bc7) 57... Bf4 {Precision: White = 37%, Black = 64%.} 0-1

[Event "POR-chT 1st League 2017"]
[Site "Leiria"]
[Date "2017.07.21"]
[Round "7"]
[White "Santos, Antonio P"]
[Black "Reis, Luis Sousa"]
[Result "1-0"]
[WhiteElo "2237"]
[BlackElo "2182"]
[Annotator "NA"]
[PlyCount "119"]
[EventDate "2017.??.??"]
[EventType "team-tourn"]
[EventCountry "POR"]
[SourceTitle "playchess.com"]
[Source "ChessBase"]
[SourceQuality "1"]
[TimeControl "5400+30"]

1. d4 {[%emt 0:19:01]} Nf6 {[%emt 0:01:26]} 2. c4 {[%emt 0:00:12]} e6 {[%emt 0:01:02]} 3. Nf3 {[%emt 0:00:54]} c5 {[%emt 0:01:30]} 4. d5 {[%emt 0:00:09]} b5 {[%emt 0:01:31]} 5. Bg5 {[%emt 0:00:09]} exd5 {[%emt 0:04:00]} 6. cxd5 {[%emt 0:00:11]} h6 {[%emt 0:00:32]} 7. Bxf6 {[%emt 0:08:52]} Qxf6 {[%emt 0:01:01]} 8. Qc2 {[%emt 0:00:09]} d6 {[%emt 0:05:16]} 9. e4 {[%emt 0:00:14]} a6 {[%emt 0:02:18]} 10. a4 {[%emt 0:00:14]} b4 {[%emt 0:08:23]} 11. Nbd2 {[%emt 0:00:12]} Bg4 {[%emt 0:10:29]} 12. Bd3 {[%emt 0:44:04]} Nd7 {[%emt 0:04:04]} 13. O-O {[%emt 0:00:08]} Bxf3 {[%emt 0:30:00]} 14. Nxf3 {[%emt 0:00:02]} Be7 {[%emt 0:06:37]} 15. Qe2 {[%emt 0:00:45]} Ne5 {[%emt 0:05:26]} 16. Nxe5 {[%emt 0:03:58]} dxe5 {[%emt 0:02:58]} 17. a5 {[%emt 0:01:36]} O-O {[%emt 0:01:23]} 18. f4 {[%emt 0:01:39]} Bd6 {[%emt 0:02:38]} 19. f5 {[%emt 0:04:58]} Ra7 {[%emt 0:00:26]} 20. Bc4 {[%emt 0:00:44]} Be7 {[%emt 0:01:52]} 21. b3 {[%emt 0:00:12]} Qd6 {[%emt 0:00:18]} 22. Kh1 {[%emt 0:01:02]} Bf6 {[%emt 0:01:48]} 23. g3 {[%emt 0:00:22]} Rc8 {[%emt 0:01:39]} 24. h4 {[%emt 0:00:16]} Kf8 {[%emt 0:00:53]} 25. Kg2 {[%emt 0:01:05]} Ke7 {[%emt 0:01:20]} 26. Qh5 {[%emt 0:00:51]} Rh8 {[%emt 0:01:27]} 27. Rh1 {[%emt 0:01:07]} Raa8 {[%emt 0:01:01]} 28. Qe2 {[%emt 0:00:23]} h5 {[%emt 0:00:56]} 29. Rhf1 {[%emt 0:00:15]} Rh6 {[%emt 0:01:29]} 30. Kh2 {[%emt 0:01:06]} Rhh8 {[%emt 0:00:11]} 31. Rac1 {[%emt 0:03:45]} g6 {[%emt 0:01:00]} 32. fxg6 {[%emt 0:01:39]} fxg6 {[%emt 0:00:07]} 33. Qe3 {[%emt 0:00:13]} Rac8 {[%emt 0:00:53]} 34. Rf2 {[%emt 0:01:28]} Rcg8 {[%emt 0:00:47]} 35. Rcf1 {[%emt 0:03:37]} Rf8 {[%emt 0:00:13]} 36. Bxa6 {[%emt 0:01:04]} Qxa6 {[%emt 0:00:49]} 37. Qxc5+ {[%emt 0:00:02]} Kd7 {[%emt 0:00:26]} 38. d6 {[%emt 0:01:37]} Qxd6 {[%emt 0:00:50]} 39. Qxd6+ {[%emt 0:00:08]} Kxd6 {[%emt 0:00:03]} 40. Rxf6+ {[%emt 0:00:09]} Rxf6 {[%emt 0:00:05]} 41. Rxf6+ {[%emt 0:00:01]} Kc5 {[%emt 0:00:13]} 42. Rxg6 {[%emt 0:00:28]} Kd4 {[%emt 0:00:08]} 43. Rc6 {[%emt 0:00:55]} Kxe4 {[%emt 0:00:26]} 44. Rc4+ {[%emt 0:01:21]} Kf3 {[%emt 0:00:15]} 45. Rxb4 {[%emt 0:00:07]} Rd8 {[%emt 0:00:50]} 46. Rb7 {[%emt 0:00:27]} Rd2+ {[%emt 0:00:28]} 47. Kh3 {[%emt 0:00:02]} Ra2 {[%emt 0:00:55]} 48. b4 {[%emt 0:00:04]} e4 {[%emt 0:00:31]} 49. Rf7+ {[%emt 0:00:09]} Ke2 {[%emt 0:01:26]} 50. g4 {[%emt 0:01:16]} Ra3+ {[%emt 0:00:12]} 51. Kg2 {[%emt 0:00:00]} hxg4 {[%emt 0:00:21]} 52. h5 {[%emt 0:00:01]} Ra4 {[%emt 0:00:59]} 53. h6 {[%emt 0:00:13]} Rxb4 {[%emt 0:00:05]} 54. h7 {[%emt 0:00:16]} Rb8 {[%emt 0:00:05]} 55. a6 {[%emt 0:00:11]} e3 {[%emt 0:01:00]} 56. a7 {[%emt 0:01:30]} Ra8 {[%emt 0:00:34]} 57. Rb7 {[%emt 0:00:34]} Kd2 {[%emt 0:00:50]} 58. Rb8 {[%emt 0:00:29]} e2 {[%emt 0:00:19]} 59. h8=Q {[%emt 0:00:09]} e1=Q {[%emt 0:00:44]} 60. Qd4+ {[%emt 0:00:10]} 1-0

[Event "POR-chT 1st League 2017"]
[Site "Leiria"]
[Date "2017.07.21"]
[Round "7"]
[White "Carneiro, Carlos"]
[Black "Neto, Horacio"]
[Result "1/2-1/2"]
[WhiteElo "2175"]
[BlackElo "2162"]
[Annotator "NA"]
[PlyCount "94"]
[EventDate "2017.??.??"]
[EventType "team-tourn"]
[EventCountry "POR"]
[SourceTitle "playchess.com"]
[Source "ChessBase"]
[SourceQuality "1"]
[TimeControl "5400+30"]

1. d4 Nf6 2. c4 e6 3. Nf3 Bb4+ 4. Bd2 Qe7 5. Qc2 Bxd2+ 6. Nbxd2 O-O 7. e3 d6 8. Bd3 e5 9. Bf5 Nbd7 10. O-O g6 11. Bh3 Nh5 12. Bxd7 Bxd7 13. dxe5 dxe5 14. Qe4 Rfe8 15. Qxb7 c5 16. b3 e4 17. Nxe4 Rab8 18. Qd5 Rbd8 19. Ng3 Nxg3 20. hxg3 Bf5 21. Qc6 Be4 22. Qb5 Rd3 23. Rad1 Red8 24. Rxd3 Rxd3 25. Qb8+ Kg7 26. Qe5+ Qxe5 27. Nxe5 Rd2 28. f3 f6 29. Ng4 Bd3 30. Ra1 Rb2 31. Nf2 Rb1+ 32. Rxb1 Bxb1 33. Ne4 Bxe4 34. fxe4 Kf7 35. g4 Ke6 36. a3 a5 37. Kf2 Ke5 38. Ke2 Kxe4 39. Kd2 h5 40. gxh5 gxh5 41. Ke2 h4 42. Kd2 f5 43. Ke2 f4 44. exf4 Kxf4 45. Kf2 Ke4 46. Ke2 Kf4 47. Kf2 Ke5 1/2-1/2

[Event "POR-chT 1st League 2017"]
[Site "Leiria"]
[Date "2017.07.21"]
[Round "7"]
[White "Leao, Tiago Miguel Da Sil"]
[Black "Maisuradze, Nino"]
[Result "0-1"]
[WhiteElo "2075"]
[BlackElo "2266"]
[Annotator "NA"]
[PlyCount "62"]
[EventDate "2017.??.??"]
[EventType "team-tourn"]
[EventCountry "POR"]
[SourceTitle "playchess.com"]
[Source "ChessBase"]
[SourceQuality "1"]
[TimeControl "5400+30"]

1. e4 {[%emt 0:01:00]} c5 {[%emt 0:02:08]} 2. Nf3 {[%emt 0:00:50]} e6 {[%emt 0:01:02]} 3. d4 {[%emt 0:00:06]} cxd4 {[%emt 0:00:03]} 4. Nxd4 {[%emt 0:00:10]} Nf6 {[%emt 0:00:09]} 5. Bd3 {[%emt 0:01:01]} Nc6 {[%emt 0:02:33]} 6. Nxc6 {[%emt 0:01:25]} bxc6 {[%emt 0:00:23]} 7. O-O {[%emt 0:00:15]} e5 {[%emt 0:01:27]} 8. Qe2 {[%emt 0:06:36]} Bc5 {[%emt 0:04:10]} 9. Be3 {[%emt 0:03:53]} Qb6 {[%emt 0:10:04]} 10. Bxc5 {[%emt 0:06:16]} Qxc5 {[%emt 0:00:02]} 11. Nd2 {[%emt 0:00:18]} O-O {[%emt 0:00:22]} 12. Nc4 {[%emt 0:07:33]} Re8 {[%emt 0:01:28]} 13. Qe3 {[%emt 0:02:38]} Qxe3 {[%emt 0:12:11]} 14. Nxe3 {[%emt 0:01:16]} Rb8 {[%emt 0:00:59]} 15. b3 {[%emt 0:05:14]} d5 {[%emt 0:00:17]} 16. f3 {[%emt 0:01:01]} Be6 {[%emt 0:02:45]} 17. Rad1 {[%emt 0:02:54]} a5 {[%emt 0:01:13]} 18. a4 {[%emt 0:07:45]} Rb4 {[%emt 0:02:04]} 19. exd5 {[%emt 0:08:42]} cxd5 {[%emt 0:00:07]} 20. Bb5 {[%emt 0:00:53]} Rc8 {[%emt 0:00:26]} 21. Rfe1 {[%emt 0:01:45]} g6 {[%emt 0:10:51]} 22. Rd2 {[%emt 0:03:16]} Kg7 {[%emt 0:03:11]} 23. Red1 {[%emt 0:05:53]} h5 {[%emt 0:02:31]} 24. Nxd5 {[%emt 0:05:34]} Nxd5 {[%emt 0:00:30]} 25. Rxd5 {[%emt 0:00:05]} Bxd5 {[%emt 0:01:53]} 26. Rxd5 {[%emt 0:00:09]} Rd4 {[%emt 0:02:50]} 27. Rxe5 {[%emt 0:11:26]} Rxc2 {[%emt 0:00:54]} 28. Be2 {[%emt 0:01:42]} Rb2 {[%emt 0:04:15]} 29. Kf1 {[%emt 0:02:10]} Kf6 {[%emt 0:02:33]} 30. Rxa5 {[%emt 0:01:14]} Rdd2 {[%emt 0:00:24]} 31. Ra6+ {[%emt 0:00:28]} Ke5 0-1

[Event "POR-chT 1st League 2017"]
[Site "Leiria"]
[Date "2017.07.21"]
[Round "7"]
[White "Tubio Agrasar, Pablo"]
[Black "Hammes, Michael"]
[Result "1/2-1/2"]
[WhiteElo "1988"]
[BlackElo "2349"]
[Annotator "NA"]
[PlyCount "80"]
[EventDate "2017.??.??"]
[EventType "team-tourn"]
[EventCountry "POR"]
[SourceTitle "playchess.com"]
[Source "ChessBase"]
[SourceQuality "1"]
[TimeControl "5400+30"]

1. e4 {[%emt 0:00:00]} e6 {[%emt 0:00:09]} 2. d4 {[%emt 0:00:00]} d5 {[%emt 0:00:07]} 3. Bd3 {[%emt 0:00:00]} c5 {[%emt 0:01:22]} 4. exd5 {[%emt 0:00:06]} exd5 {[%emt 0:00:05]} 5. Nf3 {[%emt 0:00:05]} c4 {[%emt 0:00:58]} 6. Be2 {[%emt 0:00:06]} Bd6 {[%emt 0:00:53]} 7. O-O {[%emt 0:00:19]} Nc6 {[%emt 0:01:19]} 8. b3 {[%emt 0:00:12]} cxb3 {[%emt 0:00:10]} 9. axb3 {[%emt 0:00:05]} Nge7 {[%emt 0:00:42]} 10. c4 {[%emt 0:03:06]} O-O {[%emt 0:00:40]} 11. Ba3 {[%emt 0:04:44]} Bg4 {[%emt 0:02:56]} 12. Bb2 {[%emt 0:24:19]} Re8 {[%emt 0:09:14]} 13. h3 {[%emt 0:02:08]} Bh5 {[%emt 0:00:47]} 14. Re1 {[%emt 0:01:25]} a6 {[%emt 0:08:29]} 15. Bc3 {[%emt 0:11:14]} f6 {[%emt 0:11:29]} 16. c5 {[%emt 0:02:07]} Bc7 {[%emt 0:07:39]} 17. Nbd2 {[%emt 0:00:21]} Qd7 {[%emt 0:01:36]} 18. b4 {[%emt 0:02:05]} Ng6 {[%emt 0:10:19]} 19. b5 {[%emt 0:08:48]} axb5 {[%emt 0:00:43]} 20. Bxb5 {[%emt 0:00:24]} Nf4 {[%emt 0:01:12]} 21. Bf1 {[%emt 0:04:34]} g5 {[%emt 0:05:05]} 22. Qb3 {[%emt 0:04:11]} Rab8 {[%emt 0:01:33]} 23. Rxe8+ {[%emt 0:06:22]} Rxe8 {[%emt 0:00:17]} 24. Rb1 {[%emt 0:01:37]} Rb8 {[%emt 0:01:08]} 25. g3 {[%emt 0:02:48]} Nxh3+ {[%emt 0:03:09]} 26. Bxh3 {[%emt 0:00:02]} Qxh3 {[%emt 0:00:03]} 27. Qxd5+ {[%emt 0:00:20]} Bf7 {[%emt 0:00:09]} 28. Nxg5 {[%emt 0:03:02]} Qxg3+ {[%emt 0:05:26]} 29. fxg3 {[%emt 0:00:30]} Bxd5 {[%emt 0:00:04]} 30. Nge4 {[%emt 0:00:17]} Kg7 {[%emt 0:00:31]} 31. Kf2 {[%emt 0:04:58]} Ne7 {[%emt 0:00:31]} 32. g4 {[%emt 0:02:31]} Ra8 {[%emt 0:00:44]} 33. Ra1 {[%emt 0:00:39]} Rd8 {[%emt 0:02:32]} 34. Ng3 {[%emt 0:00:49]} Kg6 {[%emt 0:00:54]} 35. Nf3 {[%emt 0:00:04]} Bf4 {[%emt 0:05:48]} 36. Re1 {[%emt 0:04:04]} Rd7 {[%emt 0:01:34]} 37. Ne2 {[%emt 0:01:27]} Bc7 {[%emt 0:01:22]} 38. Ng3 {[%emt 0:01:19]} Bxg3+ {[%emt 0:02:52]} 39. Kxg3 {[%emt 0:00:01]} Nc6 {[%emt 0:00:16]} 40. Nh4+ {[%emt 0:00:23]} Kf7 {[%emt 0:02:03]} 1/2-1/2

[Event "POR-chT 1st League 2017"]
[Site "Leiria"]
[Date "2017.07.22"]
[Round "8"]
[White "Ftacnik, Lubomir"]
[Black "Polaczek, Richard"]
[Result "1/2-1/2"]
[WhiteElo "2551"]
[BlackElo "2406"]
[Annotator "TA"]
[PlyCount "99"]
[EventDate "2017.??.??"]
[EventType "team-tourn"]
[EventCountry "POR"]
[SourceTitle "playchess.com"]
[Source "ChessBase"]
[SourceQuality "1"]

{[%evp 13,99,16,16,11,20,3,10,2,10,10,22,0,0,11,46,50,50,11,4,4,20,18,20,19,56,6,42,22,77,76,76,75,70,72,68,58,67,46,60,18,25,13,12,16,20,15,8,6,26,-9,9,-20,7,7,7,7,41,42,40,40,37,47,46,42,45,48,44,41,50,38,167,167,314,292,524,0,0,0,0,0,0,0,0,0,0,0,0,0]} 1. Nf3 Nf6 2. c4 e6 3. Nc3 d5 4. d4 Be7 5. Bf4 O-O 6. e3 b6 7. Rc1 Bb7 8. cxd5 {D37: Queen's Gambit Declined: 5 Bf4} (8. Bd3 dxc4 9. Bxc4 a6 10. O-O b5 11. Bd3 Nbd7 12. a4 b4 13. Nb1 c5 14. Nbd2 cxd4 15. Bc7 Qe8 16. exd4 {1-0 (57) Lalith,B (2575)-Melkumyan,H (2650) Abu Dhabi 2016}) 8... Nxd5 9. Nxd5 Qxd5 10. a3 c5 11. Bc4 Qh5 12. dxc5 (12. Be2 $5 {[%cal Rf3e5]}) 12... Rd8 13. Qe2 Bxc5 14. O-O a5 $146 ({Predecessor:} 14... Nc6 15. b4 Bd6 {½-½ (43) Kotanjian,T (2527)-Grabinsky,V (2303) Dubai 2011}) 15. Ne5 (15. Rfd1 $5 {[%cal Rd1d8]} Nc6 16. Rxd8+ Rxd8 17. Rd1 $14) 15... Qxe2 16. Bxe2 Nd7 17. Nc4 Rac8 18. Rfd1 Bd5 19. Kf1 h6 20. f3 f5 (20... g5 $11 21. Bg3 Nf8) 21. Nd6 $16 Bxd6 22. Bxd6 Nc5 23. Be5 Nb3 24. Rc3 Rxc3 25. bxc3 {[#] And now c4 would win.} Rc8 $1 26. Ba6 Rc5 27. c4 Bxc4+ 28. Bxc4 Rxc4 $11 {[%mdl 4096] Endgame KRB-KRN} 29. Rd8+ Kf7 30. Rd7+ Ke8 31. Rxg7 Rc2 32. Bf6 Ra2 33. Re7+ Kf8 34. Rxe6 {Black must now prevent Bc3.} Nd2+ 35. Kg1 Kf7 $1 {[%cal Rf7e6]} 36. Rc6 b5 37. Bd4 {Hoping for Rf6+.} Rxa3 38. Rxh6 {aiming for Rf6+.} Nb3 $1 {[%cal Rb3d4]} 39. Bb2 Ra2 40. Be5 b4 41. h4 {[%cal Bh2h4,Bh4h5][%mdl 32]} Nd2 ({Black should try} 41... Nc5 $14) 42. h5 Nc4 (42... Rc2 {keeps fighting.} 43. Rf6+ Kg8) 43. Bd4 b3 $2 {[#]} (43... f4 {is a better defense.} 44. Rh7+ (44. exf4 Rd2 $14) 44... Ke6) 44. Rc6 $2 (44. Rh7+ $18 Ke6 45. Rb7) 44... b2 {The position is equal.} 45. Rc7+ Kg8 46. Rc8+ Kf7 47. Rc7+ Kf8 48. Rc8+ Kf7 49. Rc7+ Kf8 50. Rc8+ {Precision: White = 59%, Black = 50%.} 1/2-1/2

[Event "POR-chT 1st League 2017"]
[Site "Leiria"]
[Date "2017.07.22"]
[Round "8"]
[White "Sprenger, Jan Michael"]
[Black "Vasques, Antonio Pedro Freix"]
[Result "1-0"]
[WhiteElo "2514"]
[BlackElo "2307"]
[Annotator "TA"]
[PlyCount "149"]
[EventDate "2017.??.??"]
[EventType "team-tourn"]
[EventCountry "POR"]
[SourceTitle "playchess.com"]
[Source "ChessBase"]
[SourceQuality "1"]

{[%evp 19,149,29,39,19,16,16,14,18,18,16,7,0,87,73,83,86,82,82,84,82,89,89,85,68,64,58,104,62,58,65,56,7,14,0,109,122,248,247,243,245,214,229,240,206,216,219,194,138,133,0,0,0,0,0,0,0,0,0,0,-6,-5,-8,-2,-2,-2,-2,-2,-2,0,-3,0,-2,0,0,0,0,0,0,0,0,0,0,0,0,0,0,0,0,6,6,6,0,8,8,8,8,10,10,12,5,5,8,12,0,17,17,17,0,0,0,0,0,0,0,0,0,0,0,60,0,0,0,59,53,151,101,12843,12843,29990,375,12846,12847]} 1. e4 c5 2. Nf3 e6 3. d4 cxd4 4. Nxd4 Nc6 5. Nc3 Qc7 6. g3 a6 7. Bg2 d6 8. O-O Bd7 9. Re1 Be7 10. Nxc6 Bxc6 11. Qd4 {B47: Sicilian: Taimanov: 5 Nc3 Qc7 6 f4, 6 g3 and 6 Be2} (11. Qg4 h5 12. Qe2 h4 13. a4 Nf6 14. a5 Kf8 15. Be3 e5 16. Nd5 Nxd5 17. exd5 Bb5 18. c4 Qxc4 19. Qxc4 Bxc4 20. Rec1 Bd3 {½-½ (42) Navara,D (2702)-Movsesian,S (2705) Prague 2011}) 11... Nf6 12. Nd5 Bxd5 13. exd5 {The position is equal.} e5 14. Qa4+ b5 15. Qb3 Nd7 (15... O-O $11 {keeps the balance.}) 16. a4 $1 $16 Rb8 17. axb5 axb5 18. Bf1 $146 ({Predecessor:} 18. Be3 O-O {0-1 (38) Kovanova,B (2376)-Vasilevich,I (2324) Olginka 2011}) 18... b4 19. Bd2 Nc5 20. Qc4 Qb6 21. c3 bxc3 22. Bxc3 Qb3 23. Ra7 Qxc4 24. Bxc4 Bd8 25. b4 Nd7 $1 26. Ba6 (26. Bb3 $5 {[%cal Rb3a4]} Bb6 27. Ra6 $11) 26... Ke7 {[#]} (26... Bb6 $11 27. Rb7 Ke7) 27. Bd4 $1 $36 {[%mdl 2048] Keeping Black busy.} Rxb4 {[#]} (27... h5 $16 {was necessary.}) 28. Rxe5+ $1 $18 {[%mdl 512]} dxe5 29. Bc5+ $1 Kf6 30. Bxb4 Nb6 31. Bb7 Bc7 32. Bc6 Rc8 33. Ba5 (33. Bc5 $18) 33... Bd8 $16 34. Bxb6 (34. Ra6 $16 Rb8 35. Kg2) 34... Bxb6 {[%mdl 4096] Endgame KRB-KRB} 35. Ra6 Rb8 36. d6 Ke6 37. d7 {Rxb6! is the strong threat.} Ke7 38. Kg2 Bd8 39. Ra2 Rb6 40. Rc2 Kd6 41. Ba4 Rb4 42. Rc8 Ke7 43. Ra8 Rd4 44. Kf3 Rb4 45. h4 Rd4 46. h5 h6 47. Bc6 Rb4 48. g4 (48. Ra4 $5 {[%cal Ra4b4]} Rb2 49. Ra8 $11) 48... Rf4+ 49. Kg3 Rb4 50. f3 Rc4 51. Bd5 (51. Rc8 {feels hotter.} Rf4 52. Kf2 f5 53. Kg3 fxg4 54. fxg4 Rb4 55. Ra8) 51... Rd4 52. Bxf7 Rxd7 53. Bg6 Rb7 54. Be4 Rd7 55. g5 hxg5 56. Kg4 Kf6 57. Ra6+ Kf7 58. Kf5 Be7 59. Kxe5 Bf6+ 60. Kf5 Bd8 61. Bc6 Rd3 62. Ra7+ Be7 $1 63. Be4 (63. Ke5 $5 {[%cal Rc6d5]} Ra3 64. Rc7 $14) 63... Rd6 64. Ke5 Re6+ 65. Kd4 Rd6+ 66. Bd5+ Kf6 67. Rc7 Rb6 68. Ke4 Ra6 (68... Rb4+ $11 69. Bc4 Rb6) 69. Bc4 ({Better is} 69. Bb3 $1 $14) 69... Rb6 $11 70. Ra7 Rd6 (70... Rc6 $1 $11 71. Bg8 Rb6) 71. Ra5 {[%csl Ge4][%cal Ra5f5]} g6 (71... Bd8 $14 72. Rf5+ Ke7) 72. h6 $16 {[%cal Bh5h6,Bh6h7][%mdl 32] Black must now prevent h7.} Bf8 $2 {[%mdl 8192]} (72... Rc6 $16 73. Bd5 Rb6) 73. Ra7 $18 {[%csl Gc4][%cal Ra7f7]} ({Not} 73. h7 Kg7 $14) 73... g4 74. Rf7+ (74. h7 $142 Bg7 75. Rf7+ Kg5 76. Rxg7 Rc6 77. f4+ Kh4 78. h8=Q+ Kg3 79. Rh7) 74... Kg5 75. h7 {Precision: White = 58%, Black = 65%.} 1-0

[Event "POR-chT 1st League 2017"]
[Site "Leiria"]
[Date "2017.07.22"]
[Round "8"]
[White "Strikovic, Aleksa"]
[Black "Cavaleiro, Daniel Felipe Costa"]
[Result "1-0"]
[WhiteElo "2509"]
[BlackElo "2006"]
[Annotator "TA"]
[PlyCount "61"]
[EventDate "2017.??.??"]
[EventType "team-tourn"]
[EventCountry "POR"]
[SourceTitle "playchess.com"]
[Source "ChessBase"]
[SourceQuality "1"]

{[%evp 9,61,22,16,9,37,32,37,27,56,50,95,87,88,87,96,94,92,85,85,85,93,87,87,83,81,81,125,113,123,127,127,116,167,118,130,112,209,202,207,216,213,206,207,218,222,220,244,243,242,243,243,239,297,305]} 1. e4 g6 2. d4 Bg7 3. Nc3 d6 4. h3 e6 (4... Nd7 5. Nf3 e5 6. Be3 Ngf6 7. Qd2 O-O 8. O-O-O Qe7 9. g4 exd4 10. Nxd4 Nxe4 11. Nxe4 Qxe4 12. Rg1 Nb6 13. Bg2 Qe8 {0-1 (31) Vovk,A (2633)-Gareyev,T (2617) chess.com INT 2017}) 5. g3 Ne7 $146 ({Predecessor:} 5... a6 6. a4 Nd7 7. Bg2 Ne7 8. Nge2 c5 9. O-O O-O 10. Be3 Rb8 11. dxc5 dxc5 12. f4 {½-½ (94) Juergens,V (2282)-Zimmer,E (1926) Braunfels 2013}) 6. Bg2 {B06: Modern Defence} Nd7 7. Nge2 O-O 8. O-O {White is slightly better.} e5 9. Be3 Nb6 10. b3 Bd7 11. a4 exd4 12. Bxd4 Bxd4 13. Qxd4 Nc6 14. Qd2 a5 15. Rad1 Qf6 16. Nb5 Rac8 17. Qe3 {And now Nxc7! would win.} Na8 18. Nf4 Be6 19. Nd3 $36 {[%mdl 2048] White is on the roll.} Qg7 20. f4 f6 (20... Rce8 $16 {was called for.} 21. Kh2 f6) 21. Rfe1 Rce8 22. Qf2 Nb6 {[#]} (22... Bd7 $16 {might work better.} 23. Qd2 Bc8) 23. Nxd6 $1 $18 {[%mdl 512]} cxd6 24. Qxb6 Rc8 25. Rd2 Qc7 26. Qf2 Kg7 27. Red1 Rcd8 28. Kh2 Bf7 29. Nc1 {[%cal Bd3c1,Bc1e2,Be2c3][%mdl 32]} Rfe8 30. Ne2 h5 31. Nc3 {Precision: White = 88%, Black = 49%.} 1-0